000 00309nam a2200145Ia 4500
008 200305s9999 xx 000 0 und d
082 _a337
082 _bSIT
100 _aSINGH KANT
245 _aTHEORY OF INTER
260 _aNEW DELHI
_bNYX ACAD
300 _a272
650 _aECONOMICS
999 _c35603
_d35603
041 _aeng